Smosh Cast - Statistics

General Stats
  • This quiz has been taken 233 times
  • The average score is 11 of 15
Answer Stats
Hint Answer % Correct
2015 Shayne Topp
96%
2002 Anthony Padilla
94%
2015 Courtney Miller
94%
2002 Ian Hecox
92%
2020 Amanda Lehan Canto
76%
2017 Damien Haas
75%
2015 Olivia Sui
75%
2015 Noah Grossman
72%
2015 Keith Leak Jr.
71%
2024 Tommy Bowe
70%
2024 Spencer Agnew
69%
2022 Angela Giarratana
66%
2022 Arasha Lalani
61%
2022 Chanse McCrary
59%
2024 Trevor Evarts
58%
No matching quizzes found
Score Distribution
Percent of People with Each Score
Percentile by Number Answered
Your Score History
You have not taken this quiz